1294 1256 1773 1203 1918 1701 1657 1814 1353 1580 1793 1900 1810 1011 1830 1859 1550 1754 1437 1792 1628 1031 1987 1717 1024 1707 1944 1904 1035 1584 1623 1989 1558 1496 1699 1349 1780 1612 1225 1105 1625 1067 1419 1322 1886 1319 1348 1682 1049 1901 1465 1075 1630 1011 1015 1103 1929 1208 1141 1802 1436 1536 1429 1691 1396 1228 1841 1105 1992 1324 1233 1648 1599 1509 1387 1767 1433 1608 1521 1341 1890 1778 1873 1199 1999 1872 1952 1393 1376 1290 1214 1587 1360 1509 1494 1799 1420 1112 1458 BCNSPRNW ULIB Ver.6.0+V

เปลี่ยนเป็นภาษาไทย

Change to English
 แสดงรายละเอียดบรรณานุกรม
  กลับหน้าหลัก

Brief Record : Get Marc (ISO 2709) : E-mail record : QR code < ปิดหน้าต่าง
LEADER : 00000nam 2200000uu 4500
001    13399115118
003     ULIB
008    120710s2008||||th 000 0 tha d
020    ^a9781405332699
060  0 ^aQS13^bw783I
245 00 ^aIllustrated encyclopedia of animals/^ceditor-in-chief
260    ^aLondon :^c2008
300    ^a624 p. :^bcol. ill. ;^c27 cm.
650  0 ^aAnimals^vEncyclopedias
700 1  ^aBurnie, David
945    ^p0^l0^i17654
945    ^p0^l0^i17653
999 ^a ใช้งานได้ทุกระบบ
รายการนี้ยังไม่มีแท็ก
คุณยังไม่ได้ล็อกอิน คุณสามารถมีกิจกรรมร่วมกับเว็บไซต์ได้ แต่ต้องล็อกอินก่อน ::
  ล็อกอิน

รายการสื่อสารสนเทศ

ลำดับที่ ประเภท เลขเรียก/บาร์โค้ด สถานที่ สถานะ
1. วิทยาศาสตร์การแพทย์ และสุขภาพ
วิทยาศาสตร์การแพทย์ และสุขภาพ
QS13 w783I ฉ.2 
  Barcode: 17653
ห้องสมุดวิทยาเขตสวรรค์ประชารักษ์
►หนังสือทั่วไป
บนชั้น

BibComment


ยังไม่เคยถูกคอมเมนท์

คอมเมนท์ทรัพยากรรายการนี้
  คอมเมนท์: Illustrated ency..


 Copyright 2026. Bcnsprnw @Library